| 000 | 00577nam a2200193Ia 4500 | ||
|---|---|---|---|
| 001 | 13321 | ||
| 003 | GE_BSU | ||
| 008 | 181216s||||||||xx |||||||||||||| ||und|| | ||
| 040 | _cGE_BSU | ||
| 080 | _a63(09) | ||
| 245 | _aСельско-хозяйственная академия им.К.А.Тимирязева | ||
| 245 | _cРед.М.А.Абросимов | ||
| 260 | _aМосква | ||
| 260 | _bОгиз-сельхозгиз | ||
| 260 | _c1946 | ||
| 300 | _a391стр.илл.27см. | ||
| 653 | _aСельско-хозяйственная академия | ||
| 942 | _cBK | ||
| 999 |
_c46482 _d46482 |
||